| 000 | 00931cam a22002653a 4500 | ||
|---|---|---|---|
| 001 | 15320 | ||
| 003 | PGUSA | ||
| 005 | 20140828083328.0 | ||
| 008 | 050310s2005||||xxu|||||s|||||000 p eng d | ||
| 040 |
_aPGUSA _beng |
||
| 042 | _adc | ||
| 050 | 4 | _aPS | |
| 100 | 1 |
_aHearn, Lafcadio, _d1850-1904 |
|
| 245 | 1 | 4 |
_aThe Romance of the Milky Way : _bAnd Other Studies and Stories _h[electronic resource] / _cLafcadio Hearn |
| 260 |
_bProject Gutenberg, _c2005 |
||
| 505 | 0 | _aThe romance of the Milky Way -- Goblin poetry -- "Ultimate questions" -- The mirror maiden -- The story of Ito Norisuké -- Stranger than fiction -- A letter from Japan. | |
| 506 | _aPublic domain in the USA. | ||
| 516 | _aElectronic text | ||
| 653 | _aFolklore -- Japan | ||
| 653 | _aTales -- Japan | ||
| 653 | _aJapan -- Description and travel | ||
| 830 | 0 |
_aProject Gutenberg _v15320 |
|
| 856 | 4 | 0 | _uhttp://www.gutenberg.org/ebooks/15320 |
| 942 | _cEB | ||
| 999 |
_c244575 _d244575 |
||